Odklad platenia, povolenie splátok a diskontná sadzba

Na minha lista:
Detalhes bibliográficos
Autor principal: Markovič, Peter, 1974-
Formato: Capítulo de Livro
Idioma:eslovaco
Tags: Adicionar Tag
Sem tags, seja o primeiro a adicionar uma tag!

MARC

LEADER 00000naa a2200000 4500
001 0144550
005 20240502072607.0
041 0 |a slo 
044 |a SK 
245 1 0 |a Odklad platenia, povolenie splátok a diskontná sadzba  |c Peter Markovič 
100 1 |a Markovič, Peter, 1974-